| 000 | 02935nam a2200457 i 4500 | ||
|---|---|---|---|
| 003 | DO-SdBNP | ||
| 005 | 20240830084209.0 | ||
| 007 | ta | ||
| 008 | 240829s2018 dr cg 000 0 spa d | ||
| 020 | _a9789945893045 (v. 1) | ||
| 040 |
_aDO-SdBNP _bspa _cBNPHU _erda |
||
| 082 |
_bC614 _222 |
||
| 110 | 1 |
_aRefinería Dominicana de Petróleo, S.A (Refidomsa) _986469 |
|
| 245 | 1 | 0 |
_aClásicos Dominicanos / _cproducción Félix Jiménez Jiménez ; coordinación musical y biografías de los compositores Julio César Paulino ; supervisores musicales Dante Cucurullo, Iluminada Jiménez de Lora ; análisis musical Ana Silfa Finke ; supervisión digitación musical Mayreni Morel Caraballo ; digitadores musicales Daniel Cabrera López, Jhonny Mora Márquez, José Almonte Martínez, Laura Linares Santana, Manuel Marmolejos Arias y otros |
| 264 | 1 |
_aSanto Domingo : _bRefidomsa, _c2018. |
|
| 264 | 3 | _bEditora Amigo del Hogar, | |
| 300 |
_aVolumenes _bretrato, música _c32 cm. |
||
| 336 |
_2rdacontent _atexto _btxt |
||
| 337 |
_2rdamedia _asin mediación _bn |
||
| 338 |
_2rdacarrier _avolumen _bnc |
||
| 500 | _aIncluye datos biográficos de los autores y análisis musical. | ||
| 500 | _atomos en espiral. | ||
| 500 | _aIncluye las partituras. | ||
| 505 | 0 |
_aVolumen 1 -- _tTres preguntas -- _rLuis Mena -- _g1895-1964 / _tUna respuesta -- _rBienvenido Bustamante -- _g1923-2002 / _tSerenata en la -- _rJulio Alberto Hernández -- _g1900-1999 / _tElegía -- _rRamón Díaz Freeman -- _g1901-1976 / _tA la caída de la tarde -- _rJosé Dolores Cerón -- _g1897-1969 / _tCanto a la madre tierra -- _rManuel Marino Miniño -- _g1930-1996 / _tRapsodia dominicana No. 1 -- _rLuis Rivera González -- _g1901-1986 / _tSuite pastoral -- _rManuel Simó -- _g1916-1988 / _tSimastral, fantasía sinfónica -- _rJuan Francisco García -- _g1892-1974 / |
|
| 590 | _aInventariado, 2024/ YL | ||
| 700 | 1 |
_4prod. _aJiménez Jiménez, Félix _eproducción _986470 |
|
| 700 | 1 |
_4coord. _aPaulino, Julio César _ecoordinación musical y biografías de los compositores _986471 |
|
| 700 | 1 |
_4sup. _aCucurullo, Dante _esupervisor musical _986472 |
|
| 700 | 1 |
_4sup. _aJiménez de Lora, Iluminada _esupervisor musical _986473 |
|
| 700 | 1 |
_4anal. _aSilfa Finke, Ana _eanálisis musical _986474 |
|
| 700 | 1 |
_4sup. _aMorel Caraballo, Mayreni _esupervisión digitación musical _986475 |
|
| 700 | 1 |
_4dig. _aCabrera López, Daniel _edigitadores musicales _986476 |
|
| 700 | 1 |
_4dig. _aMora Márquez, Jhonny _edigitadores musicales _986477 |
|
| 700 | 1 |
_4dig. _aAlmonte Martínez, José _edigitadores musicales _986478 |
|
| 700 | 1 |
_4dig. _aLinares Santana, Laura _edigitadores musicales _986479 |
|
| 700 | 1 |
_4dig. _aMarmolejos Arias, Manuel _edigitadores musicales _986480 |
|
| 700 | 1 |
_4dig. _aMorel Caraballo, Mayreni _edigitadores musicales _986475 |
|
| 700 | 1 |
_4dig. _aCruz Nouel, Mirla _edigitadores musicales _986481 |
|
| 910 | _aYLockward | ||
| 942 |
_2ddc _cLBS1 |
||
| 999 |
_c57583 _d57583 |
||